000 00398nam a2200181Ia 4500
001 2937
005 20260306144844.0
008 260306t2007||||xx |||||||||||||| ||spa||
041 _aESP
082 _a234
_bP77
100 _aPonce Cuéllar, Miguel
_eAUT
245 0 _aCristo, siervo y señor
260 _c2007
300 _a
_c
650 _aGEN
654 _aCHU
942 _cLIB
_dJUS
_fJUS
_2ddc
_n
999 _c2937
_d2937